Oración fúnebre, que en las exequias hechas por la Real Academia de la Historia al Señor D. Agustín de Montiano y Luyando, su director primero, y perpetuo, dixo el M. R. P. Mro. Fray Alonso Cano... (Record no. 39460)

MARC details
000 -LEADER
campo de control de longitud fija 00720nam a2200181 i 4500
001 - NÚMERO DE CONTROL
campo de control 39460
003 - IDENTIFICADOR DE NÚMERO DE CONTROL
campo de control ES-MaACL
005 - FECHA Y HORA DE LA ÚLTIMA TRANSACCIÓN
campo de control 20250930063044.0
007 - CAMPO FIJO DE DESCRIPCIÓN FÍSICA--INFORMACIÓN GENERAL
campo de control de longitud fija t|
008 - DATOS DE LONGITUD FIJA--INFORMACIÓN GENERAL
campo de control de longitud fija 030303s1765 sp ||||1| spa d
100 0# - ENTRADA PRINCIPAL--NOMBRE DE PERSONA
Nombre de persona Cano, Alonso,
Títulos y otros términos asociados al nombre Fray
9 (RLIN) 34523
245 10 - MENCIÓN DEL TÍTULO
Título Oración fúnebre, que en las exequias hechas por la Real Academia de la Historia al Señor D. Agustín de Montiano y Luyando, su director primero, y perpetuo, dixo el M. R. P. Mro. Fray Alonso Cano...
260 ## - PUBLICACIÓN, DISTRIBUCIÓN, ETC.
Lugar de publicación, distribución, etc. Madrid :
Nombre del editor, distribuidor, etc. Imprenta de D. Grabriel Ramírez,
Fecha de publicación, distribución, etc. 1765.
300 ## - DESCRIPCIÓN FÍSICA
Extensión 29 p. ;
Dimensiones 19 cm.
600 17 - PUNTO DE ACCESO ADICIONAL DE MATERIA--NOMBRE DE PERSONA
Nombre de persona Montiano y Luyando, Agustín de,
Fechas asociadas al nombre 1697-1764
Fuente del encabezamiento o término
9 (RLIN) 151974
852 ## - LOCALIZACIÓN
Ubicación ES-MaACL
Número de control de estantería R-3091
Encuadernación .- Olim:1626-F-6
Holdings
Estatus retirado Estado de pérdida Estado de daño No para préstamo Colección Biblioteca de origen Biblioteca actual Ubicación en estantería Fecha de adquisición Fuente de adquisición Total de préstamos Signatura topográfica completa Código de barras Visto por última vez Precio de reemplazo Tipo de ítem Koha
        Libros del s. XVIII Biblioteca del Ateneo de Madrid Biblioteca del Ateneo de Madrid Depósito 17/01/2008     R-3091 1041558 23/02/2023 23/02/2023 Libro impreso antiguo